प्रणय-प्रसंग / (Record no. 114531)

MARC details
000 -LEADER
fixed length control field 01151nam a22002657a 4500
005 - DATE AND TIME OF LATEST TRANSACTION
control field 20170124103010.0
010 ## - LIBRARY OF CONGRESS CONTROL NUMBER
LC control number A-295082
020 ## - INTERNATIONAL STANDARD BOOK NUMBER
Terms of availability 15.00
035 ## - SYSTEM CONTROL NUMBER
System control number A-295082
037 ## - SOURCE OF ACQUISITION
Source of stock number/acquisition Cen Lib/Ret
040 ## - CATALOGING SOURCE
Original cataloging agency DPL
Language of cataloging HN
082 ## - DEWEY DECIMAL CLASSIFICATION NUMBER
Classification number
Item number कम्बार
100 ## - MAIN ENTRY--PERSONAL NAME
Personal name कम्बार, चन्द्रशेखर
9 (RLIN) 42649
245 ## - TITLE STATEMENT
Title प्रणय-प्रसंग /
Statement of responsibility, etc चन्द्रशेखर कम्बार; अनुवादक बी.आर. नारायण
246 ## - VARYING FORM OF TITLE
Title proper/short title Pranya prasang /
Remainder of title by Chandrashekhar Kaambar; anuvadak B.R. Narayan
260 ## - PUBLICATION, DISTRIBUTION, ETC. (IMPRINT)
Place of publication, distribution, etc नई दिल्ली
Name of publisher, distributor, etc विद्या प्रकाशन मंदिर
Date of publication, distribution, etc 1986
270 ## - ADDRESS
Address 1681 दरयागंज
City नई दिल्ली
Postal code 110002
300 ## - PHYSICAL DESCRIPTION
Extent 83पृ.
Dimensions 16सेमी(सजिल्द )
650 ## - SUBJECT ADDED ENTRY--TOPICAL TERM
Topical term or geographic name as entry element हिंदी साहित्य
General subdivision
Geographic subdivision
9 (RLIN) 57199
650 ## - SUBJECT ADDED ENTRY--TOPICAL TERM
Topical term or geographic name as entry element हिंदी उपन्यास
9 (RLIN) 57200
650 ## - SUBJECT ADDED ENTRY--TOPICAL TERM
Topical term or geographic name as entry element Hindi literature
Form subdivision
9 (RLIN) 57201
650 ## - SUBJECT ADDED ENTRY--TOPICAL TERM
Topical term or geographic name as entry element Hindi fiction
9 (RLIN) 27248
700 ## - ADDED ENTRY--PERSONAL NAME
Personal name नारायण, बी.आर.
9 (RLIN) 57202
942 ## - ADDED ENTRY ELEMENTS (KOHA)
Source of classification or shelving scheme Dewey Decimal Classification
Koha item type Hindi Books
Classification part
Call number suffix कम्बार
Holdings
Withdrawn status Lost status Damaged status Not for loan Home library Current library Date acquired Source of acquisition Cost, normal purchase price Total Checkouts Full call number Barcode Date last seen Date checked out Copy number Cost, replacement price Price effective from Koha item type
        Central Library Central Library 18/08/2015 Cen Lib/Ret 15.00 1 उ कम्बार A-295082 20/08/2018 12/08/2018 1 15.00 18/08/2015 Hindi Books

© Delhi Public Library
Hit Counter
free hit counter